00611nam a2200157 i 450000100060000000300090000600500170001500700030003200800410003510000260007624500410010226000400014330000200018350502270020385200230043096214ES-MaACL20230906181852.0t|050614s1901 be ||||1| fre d1 aMaeterlinck, Maurice.10aThéâtre / cMaurice Maeterlinck. aBruxelles : bP. Lacomblez, c1901. a3 v. ; c19 cm.8 aContiene: T. I. La Princesse Maleine. L'intrusa. Les aveuglés. T. II. Pelleas et Melisande. Alladine et Palomides. Intérieur. La mort de Tintagiles. T. III. Aglavaine et Selysette. Ariane et Barbe- Bleu. Soeur Beatrice aES-MaACLjF-8804-6